[Event "KUW-ch sf"]
[Site "Kuwait"]
[Date "2018.11.20"]
[Round "5"]
[White "Shfakah, Turki"]
[Black "Alhejab, Meshal"]
[Result "0-1"]
[WhiteElo "1190"]
[BlackElo "1509"]
[PlyCount "60"]
[EventDate "2018.11.16"]
[EventType "swiss"]
[EventRounds "9"]
[EventCountry "KUW"]
[SourceTitle "CBM 187 Extra"]
[Source "ChessBase"]
[SourceDate "2018.11.04"]
[SourceVersion "1"]
[SourceVersionDate "2018.11.04"]
[SourceQuality "1"]

1. Nf3 Nf6 2. c4 g6 3. Nc3 Bg7 4. e3 c5 5. Be2 Nc6 6. a3 a6 7. 0-0 0-0 8. Rb1 d5 9. cxd5 Nxd5 10. Qc2 Nxc3 11. bxc3 Qc7 12. Bb2 Bd7 13. d3 Ne5 14. Ne1 c4 15. f4 cxd3 16. Nxd3 Nc4 17. Bc1 b5 18. e4 Qa5 19. Rb3 Be6 20. Rf3 Rac8 21. Nb4 Nb6 22. Rb1 Na4 23. Bd2 Bg4 24. Re3 Bxe2 25. Rxe2 Nxc3 26. Bxc3 Rxc3 27. Qd2 Qxa3 28. Nd5 Rcc8 29. Re3 Qc5 30. e5 Rfd8 0-1